DUALIDAD DE COMPETENCIA DEL JUZGADO DE PRIMERA INSTANCIA EN EL EMBARGO CONSERVATORIO GENERAL Y EL EMBARGO CONSERVATORIO COMERCIAL MAYO JUNIO 2014 (Record no. 2094)

MARC details
000 -LEADER
campo de control de longitud fija 00810nam a22001817a 4500
001 - NÚMERO DE CONTROL
campo de control 8301
005 - FECHA Y HORA DE LA ÚLTIMA TRANSACCIÓN
campo de control 20250602012218.0
008 - DATOS DE LONGITUD FIJA--INFORMACIÓN GENERAL
campo de control de longitud fija 5230202014 dr
090 ## - LOCALMENTE ASIGNADO TIPO-LC NÚMERO DE CLASIFICACIÓN (OCLC); NÚMERO DE CLASIFICACIÓN LOCAL (RLIN)
Número de clasificación (OCLC) (R) ; Numero de clasificación, CALL (RLIN) (NR) DER 2014-013
100 ## - ENTRADA PRINCIPAL--NOMBRE DE PERSONA
Nombre de persona RAMIREZ SANTANA WILSON
245 ## - MENCIÓN DEL TÍTULO
Título DUALIDAD DE COMPETENCIA DEL JUZGADO DE PRIMERA INSTANCIA EN EL EMBARGO CONSERVATORIO GENERAL Y EL EMBARGO CONSERVATORIO COMERCIAL MAYO JUNIO 2014
Mención de responsabilidad, etc. Wilson Ramírez Santana ; asesor: Antonio Garabito Ramírez.
260 ## - PUBLICACIÓN, DISTRIBUCIÓN, ETC.
Lugar de publicación, distribución, etc. Barahona :
Nombre del editor, distribuidor, etc. UNIVERSIDAD CATOLICA TECNOLOGICA DE BARAHONA
300 ## - DESCRIPCIÓN FÍSICA
Extensión 78 h. /28 cm.
502 ## - NOTA DE TESIS
Nota de tesis Tesis (Licenciatura en Derecho) - UCATEBA - Escuela de Derecho.
504 ## - NOTA DE BIBLIOGRAFÍA, ETC.
Nota de bibliografía, etc. Nota Incluye referencias bibliográficas.
650 ## - PUNTO DE ACCESO ADICIONAL DE MATERIA--TÉRMINO DE MATERIA
Término de materia o nombre geográfico como elemento de entrada 1 EMBARGO CONSERVATORIO GENERAL 2 EMBARGO CONSERVATORIO COMERCIAL
700 ## - ENTRADA AGREGADA--NOMBRE PERSONAL
Nombre de persona I GARABITO RAMIREZ ANTONIO ASE
Holdings
Estatus retirado Estado de pérdida Estado de daño No para préstamo Colección Biblioteca de origen Biblioteca actual Fecha de adquisición Total de préstamos Signatura topográfica completa Código de barras Visto por última vez Copia número Precio de reemplazo Tipo de ítem Koha
        Acervo general de Libros Biblioteca Central Mons. Favio M. Rivas S. Biblioteca Central Mons. Favio M. Rivas S. 22/09/2014   DER 2014-013 000000002775 23/05/2025 1 23/05/2025 Tesis